| 000 | 00586nam a2200205Ia 4500 | ||
|---|---|---|---|
| 003 | OSt | ||
| 005 | 20250124150543.0 | ||
| 008 | 210210b1994 xxu||||| |||| 00| 0 eng d | ||
| 040 | _cAL | ||
| 041 | _aKannada | ||
| 082 | _a137K YANG | ||
| 100 |
_aYANDAMURI VIRENDRANATH. _dಯಂಡಮೂರಿ ವೀರೇಂದ್ರನಾಥ್ _9195293 |
||
| 245 |
_aGrafalaji. _b ಗ್ರಾಫಾಲೊಜಿ |
||
| 260 |
_aBengaluru _bChendur Prakashana _c1994 |
||
| 300 | _a152 | ||
| 650 |
_aGraphologyMeditatio _9195294 |
||
| 690 |
_aPhilosoph _9195295 |
||
| 906 | _a04902 | ||
| 942 |
_2ddc _cBK |
||
| 999 |
_c97916 _d97916 |
||